| Tag |
First Indicator |
Second Indicator |
Subfields |
| LEADER |
00000cam a22000001a 4500 |
| 001 |
in00003211049 |
| 005 |
20190404171941.0 |
| 006 |
m d f |
| 007 |
cr bn mmmapmmp |
| 008 |
090623s1962 dcu o f000 0 eng d |
| 035 |
|
|
|a cis2007427304
|
| 040 |
|
|
|a UMI
|c UMI
|d UtOrBLW
|
| 043 |
|
|
|a n-us---
|
| 086 |
0 |
|
|a Y 4.B 22/1:H 81/37
|
| 099 |
|
|
|a HRG-1962-BCU-0013
|
| 110 |
1 |
|
|a United States.
|b Congress.
|b House.
|b Committee on Banking and Currency.
|b Subcommittee on Housing.
|
| 245 |
1 |
0 |
|a Rental Housing Loans by Savings and Loan Associations :
|b hearings before the United States House Committee on Banking and Currency, Subcommittee on Housing, Eighty-Seventh Congress, second session, on Sept. 12, 1962.
|
| 264 |
|
1 |
|a Washington :
|b U.S. G.P.O.,
|c 1962.
|
| 300 |
|
|
|a 1 online resource.
|
| 336 |
|
|
|a text
|b txt
|2 rdacontent
|
| 337 |
|
|
|a computer
|b c
|2 rdamedia
|
| 338 |
|
|
|a online resource
|b cr
|2 rdacarrier
|
| 500 |
|
|
|a Record is based on bibliographic data in ProQuest Congressional Hearings Digital Collection. Reuse except for individual research requires license from ProQuest, LLC.
|
| 520 |
|
|
|a Considers H.R. 13044, to amend the Home Owners Loan Act of 1933 and the Federal Home Loan Bank Act to authorize Federal Home Loan Bank Board to provide loans for rental housing construction.
|
| 520 |
|
|
|a Considers (87) H.R. 13044.
|
| 538 |
|
|
|a System requirements: PDF reader software.
|
| 500 |
|
|
|a Electronic resource.
|
| 610 |
1 |
0 |
|a United States.
|b Federal Home Loan Bank Board.
|
| 650 |
|
0 |
|a Rental housing
|x Law and legislation
|z United States.
|
| 650 |
|
0 |
|a Loans
|x Law and legislation
|z United States.
|
| 655 |
|
7 |
|a Electronic books.
|2 local
|
| 710 |
2 |
|
|a ProQuest (Firm)
|
| 776 |
0 |
8 |
|i Print version:
|a United States. Congress. House. Committee on Banking and Currency. Subcommittee on Housing.
|t Rental Housing Loans by Savings and Loan Associations
|
| 776 |
0 |
8 |
|i Microfiche version:
|a United States. Congress. House. Committee on Banking and Currency. Subcommittee on Housing.
|t Rental Housing Loans by Savings and Loan Associations.
|d [Bethesda, Md.] : ProQuest,[2004]
|o CIS Hrgs MF Gp 3--(87) H1934-11
|w (ProQuest)cis10701347
|
| 830 |
|
0 |
|a U.S. Congressional Hearings.
|
| 856 |
4 |
0 |
|u http://proxy.library.tamu.edu/login?url=http://congressional.proquest.com/congcomp/getdoc?HEARING-ID=HRG-1962-BCU-0013
|z Connect to the full text of this electronic book
|t 0
|
| 998 |
|
|
|a cis10701347
|
| 999 |
|
|
|a MARS
|
| 999 |
f |
f |
|s 8d38df26-de60-33f6-a71b-a784e9c600f0
|i f0bd5fa8-2c6d-3e11-b71f-4d2e50c6e525
|t 0
|
| 952 |
f |
f |
|a Texas A&M University
|b College Station
|c Electronic Resources
|d Available Online
|t 0
|e HRG-1962-BCU-0013
|h Other scheme
|
| 998 |
f |
f |
|a HRG-1962-BCU-0013
|t 0
|l Available Online
|